| 000 | 02077cam a2200553 a 4500 | ||
|---|---|---|---|
| 999 |
_c23266 _d23266 |
||
| 001 | vtls008774182 | ||
| 005 | 20220708132609.0 | ||
| 008 | 160610s2006 xo o g 001 1 slo | ||
| 020 |
_a8080851077 (viaz.) _cSk 399,00 Sk |
||
| 035 | _aC0431578-AEA3-4C6D-9489-7E03B77583A3 | ||
| 035 | _aurn:nbn:sk:snk-amlbq4 | ||
| 035 | _aurn:nbn:sk:snk-am00929q | ||
| 040 |
_aMIZKGZ _bslo _cMIZKGZ _eAACR2 _dSNK |
||
| 041 | 1 |
_aslo _hger |
|
| 044 |
_axo _cSK |
||
| 072 | 7 |
_a821 _xLiteratúry v rôznych jazykoch _2konspekt |
|
| 080 |
_a821(100)-31 _22001 |
||
| 080 |
_a821(100)-051 _22001 |
||
| 080 |
_a791=025 _22001 |
||
| 080 |
_a(048.8) _22001 |
||
| 080 |
_a82.07 _22001 |
||
| 100 | 1 |
_aScholl, Joachim, _d1960- _93169 |
|
| 240 | 1 | 0 |
_a50 Klassiker Romane _lSlovensky |
| 245 | 1 | 0 |
_aSlávne romány 20. storočia _b50 najvýznamnejších moderných románov _cv podaní Joachima Scholla v spolupráci s Ulrike Braunovou ; [z nemeckého originálu preložila Milica Matejková] |
| 246 | 3 | _aFünfzig Klassiker Romane | |
| 246 | 3 | 0 | _a50 najvýznamnejších moderných románov |
| 246 | 3 | _aPäťdesiat najvýznamnejších moderných románov | |
| 250 | _a1. vyd. | ||
| 260 |
_aBratislava _bSlovart _c2006 |
||
| 300 |
_a279 s. _bfotogr. (prevažne fareb.) _c24 cm |
||
| 500 | _aFotogr. na tit. strane | ||
| 648 | 7 |
_a20. stor. _2SNKPH _92181 |
|
| 650 | 0 | 7 |
_asvetový román _2SNKPH _91664 |
| 650 | 0 | 7 |
_asvetoví spisovatelia _2SNKPH _93170 |
| 650 | 0 | 7 |
_afilmové adaptácie _2SNKPH _93171 |
| 650 | 0 | 7 |
_ainterpretácia a prijatie literárneho diela _2SNKPH _93149 |
| 650 | 0 | 7 |
_asvetová literatúra _2SNKPH _91654 |
| 650 | 0 | 7 |
_aWorld ficton _2SNKPHeng _91665 |
| 650 | 0 | 7 |
_aWorld authors _2SNKPHeng _93172 |
| 650 | 0 | 7 |
_aFilm adaptations _2SNKPHeng _93173 |
| 650 | 0 | 7 |
_aInterpretation and reception of literature _2SNKPHeng _93154 |
| 650 | 0 | 7 |
_aWorld literature _2SNKPHeng _91658 |
| 655 | 7 |
_aprehľady _2SNKPH _92711 |
|
| 655 | 7 |
_aSurveys _2SNKPHeng _92712 |
|
| 700 | 1 |
_aBraun, Ulrike, _d1965- _4aut _93174 |
|
| 700 | 1 |
_aMatejková, Milica _4trl _93175 |
|
| 958 | _aLX | ||
| 958 | _aOP | ||